| 000 | 00682nam a22001937a 4500 | ||
|---|---|---|---|
| 003 | BD-DhUL | ||
| 005 | 20181118155522.0 | ||
| 008 | 181118s2016 ii ||||| |||| 00| 0 eng d | ||
| 020 | _a9788170662891 | ||
| 040 |
_aBD-DhUL _cBD-DhUL _dBD-DhUL |
||
| 082 |
_a954 _bNEB |
||
| 100 | 1 | _aনেহরু, জওহরলাল | |
| 245 | 1 | 0 |
_aভারত সন্ধানে / _cজওহরলাল নেহরু |
| 260 |
_aকলকাতা : _bআনন্দ, _c২০১৬ |
||
| 300 |
_a[১৬], ৫০৭ পৃ. ; _c২৫ সেমি |
||
| 504 | _aগ্রন্থপঞ্জিগত তথ্য সংবলিত | ||
| 651 | 0 |
_aIndia _xHistory |
|
| 942 |
_2ddc _cBK |
||
| 999 |
_c244682 _d244682 |
||